|
|
|
|
| LEADER |
00693nab a2200169 i 4500 |
| 001 |
misc24277 |
| 005 |
20191111110737.0 |
| 008 |
170719s1864 hu o 0|| zxx d |
| 040 |
|
|
|a SZTE Miscellanea Repozitórium
|b hun
|
| 041 |
|
|
|a zxx
|
| 100 |
1 |
|
|a Szalay László
|
| 245 |
1 |
0 |
|a II. Rákóczi Ferencz bujdosása
|h [elektronikus dokumentum] :
|b 1712 /
|c Szalay László
|
| 260 |
|
|
|c 1864
|
| 300 |
|
|
|a 245-304
|
| 490 |
0 |
|
|a Kolligátum
|
| 695 |
|
|
|a Rákóczi Ferencz, II. - Erdély : fejedelem ; Erdély története - 18. sz. - forrás ; Magyarország története - 18. sz. - forrás ; Levelezés - magyar - 1711-1712
|
| 856 |
4 |
0 |
|u http://misc.bibl.u-szeged.hu/24277/1/011_008_245-304.pdf
|z Dokumentum-elérés
|